Historical Americans - Statistics

General Stats
  • This quiz has been taken 258 times
  • The average score is 19 of 22
Answer Stats
Hint Answer % Correct
The first president of the United States George Washington
100%
"I Have a Dream" Martin Luther King Jr.
100%
36th President who was assassinated in Dallas John F. Kennedy
97%
King of Rock & Roll Elvis Presley
96%
"One small step for man, one giant leap for mankind" Neil Armstrong
96%
Creator of Mickey Mouse Walt Disney
96%
The only president to serve more than two terms Franklin D. Roosevelt
94%
Started the Montgomery Bus Boycott Rosa Parks
94%
He developed early versions of the electric light bulb Thomas Edison
94%
Primary author of the Declaration of Independence Thomas Jefferson
94%
President who created the Emancipation Proclamation Abraham Lincoln
93%
First female aviator to fly solo across the Atlantic Ocean Amelia Earhart
93%
Established the first national park in the world Theodore Roosevelt
91%
They both created the first controlled sustained flight in the world Orville & Wilbur Wright
88%
Founding father known as the "First American" Benjamin Franklin
80%
Founding father who avoided a war with France in his presidency John Adams
77%
1st Secretary of the Treasury Alexander Hamilton
72%
Wrote the Bill of Rights James Madison
67%
"Ol' Blue Eyes" Frank Sinatra
63%
African American activist and former slave Frederick Douglass
61%
Made the "War on Poverty" & "Great Society" policies Lyndon B. Johnson
57%
Anti-slavery abolitionist who led the raid in Harper's Ferry John Brown
50%
No matching quizzes found
Score Distribution
Percent of People with Each Score
Percentile by Number Answered
Your Score History
You have not taken this quiz